[Event "Wch U14"]
[Site "Mumbai"]
[Date "2019.10.12"]
[Round "11"]
[White "Amanzhol, Sultan"]
[Black "Suleymanli, Aydin Elshan"]
[Result "0-1"]
[WhiteElo "2032"]
[BlackElo "2426"]
[PlyCount "112"]
[EventDate "2019.10.02"]
[EventType "swiss"]
[EventRounds "11"]
[EventCountry "IND"]
[SourceTitle "EXT 2020"]
[Source "ChessBase"]
[SourceDate "2019.10.17"]
[SourceVersion "1"]
[SourceVersionDate "2019.10.17"]
[SourceQuality "1"]

1. d4 e6 2. c4 d5 3. Nc3 Be7 4. Bf4 Nf6 5. e3 0-0 6. Nf3 c5 7. dxc5 Bxc5 8. cxd5 Nxd5 9. Nxd5 exd5 10. a3 Nc6 11. Be2 Be7 12. 0-0 Bf6 13. Qd2 Qb6 14. Rab1 Rd8 15. b4 Bf5 16. Rbc1 d4 17. exd4 Bxd4 18. Bc4 Bf6 19. Qa2 Bg6 20. Rfd1 Bh5 21. Be2 Rxd1+ 22. Rxd1 Rd8 23. Rd5 Bg4 24. Rb5 Rd1+ 25. Bxd1 Qxb5 26. Qe2 Qxe2 27. Bxe2 Bb2 28. b5 Bxf3 29. Bxf3 Nd4 30. Be3 Nxf3+ 31. gxf3 Bxa3 32. Bxa7 Kf8 33. Bd4 f6 34. Kg2 Ke7 35. Kg3 Bd6+ 36. f4 Ke6 37. Kf3 Kd5 38. Ba1 Kc4 39. b6 Bc5 40. Ke4 Bxb6 41. h4 h5 42. f3 Bf2 43. Kf5 Bd4 44. Bxd4 Kxd4 45. Kg6 b5 46. Kxh5 b4 47. Kg6 b3 48. h5 b2 49. Kxg7 b1Q 50. h6 Qg1+ 51. Kf7 Qh2 52. Kg7 Qg3+ 53. Kf7 Qxf4 54. h7 Qh6 55. Kg8 Qg6+ 56. Kh8 Qf7 0-1

[Event "Wch U14"]
[Site "Mumbai"]
[Date "2019.10.07"]
[Round "7"]
[White "Amanzhol, Sultan"]
[Black "Flores Quillas, Diego Saul Rodrigo"]
[Result "0-1"]
[WhiteElo "2032"]
[BlackElo "2164"]
[PlyCount "112"]
[EventDate "2019.10.02"]
[EventType "swiss"]
[EventRounds "11"]
[EventCountry "IND"]
[SourceTitle "EXT 2020"]
[Source "ChessBase"]
[SourceDate "2019.10.17"]
[SourceVersion "1"]
[SourceVersionDate "2019.10.17"]
[SourceQuality "1"]

1. d4 Nf6 2. c4 c5 3. d5 e6 4. Nf3 exd5 5. cxd5 d6 6. e4 g6 7. h3 Bg7 8. Bd3 0-0 9. 0-0 Re8 10. Nbd2 Na6 11. Re1 Nc7 12. a4 b6 13. Nc4 Ba6 14. Qc2 Bxc4 15. Bxc4 Nd7 16. Bg5 Bf6 17. Bf4 Qe7 18. Bb5 Nxb5 19. axb5 Ne5 20. Nd2 Qd7 21. Bxe5 Bxe5 22. Qb3 Re7 23. Ra4 Rae8 24. Rea1 Bf4 25. Nf1 Rxe4 26. Rxa7 Qf5 27. Rb7 R8e7 28. Rxb6 Re2 29. Qf3 Qe5 30. Rb8+ Kg7 31. b6 Rxb2 32. Ra4 Rb1 33. Qd3 Rb2 34. g3 Bd2 35. Kg2 Be1 36. Rf4 Re2 37. Ra8 Qb2 38. Ra7 Rxf2+ 39. Kh1 Rfe2 40. b7 R2e5 41. Qa6 Re2 42. b8Q Qxb8 43. Qa1+ R7e5 44. Rfxf7+ Kh6 45. Rxh7+ Kg5 46. Ra4 Bb4 47. Qc1+ Bd2 48. Nxd2 Re1+ 49. Kg2 Rxc1 50. Rf4 Re2+ 51. Kf3 Rc3+ 52. Kxe2 Rxg3 53. Rhh4 Qb2 54. Rhg4+ Rxg4 55. Rxg4+ Kh6 56. Re4 Qb7 0-1

[Event "Wch U14"]
[Site "Mumbai"]
[Date "2019.10.05"]
[Round "5"]
[White "Amanzhol, Sultan"]
[Black "Aaryan, Varshney"]
[Result "0-1"]
[WhiteElo "2032"]
[BlackElo "2239"]
[PlyCount "92"]
[EventDate "2019.10.02"]
[EventType "swiss"]
[EventRounds "11"]
[EventCountry "IND"]
[SourceTitle "EXT 2020"]
[Source "ChessBase"]
[SourceDate "2019.10.17"]
[SourceVersion "1"]
[SourceVersionDate "2019.10.17"]
[SourceQuality "1"]

1. d4 Nf6 2. c4 e6 3. Nf3 d5 4. e3 c5 5. Nc3 Nc6 6. Be2 Be7 7. 0-0 0-0 8. dxc5 dxc4 9. Bxc4 Bxc5 10. a3 Qe7 11. b4 Bd6 12. e4 Ne5 13. Nd2 Ng6 14. Nf3 Rd8 15. Qe2 Ne5 16. Bg5 h6 17. Bxf6 Qxf6 18. Rad1 a6 19. Bb3 b5 20. Nd4 Bc7 21. a4 Ng6 22. e5 Qxe5 23. Qxe5 Bxe5 24. Nde2 Bb7 25. axb5 axb5 26. Nxb5 Ba6 27. Bc4 Rxd1 28. Rxd1 Rc8 29. Bd3 Rd8 30. Nbd4 Bxd4 31. Bxa6 Bxf2+ 32. Kxf2 Rxd1 33. b5 Rb1 34. Nc3 Rb3 35. Na4 Ne5 36. b6 Nd7 37. b7 Nb8 38. Nc5 Rb2+ 39. Be2 Kf8 40. Ke3 Ke7 41. Bf3 Kd6 42. Nd3 Rb3 43. Kd4 Nc6+ 44. Bxc6 Kxc6 45. Ne5+ Kxb7 46. Nxf7 Kc6 0-1

[Event "Wch U12"]
[Site "Pocos de Caldas"]
[Date "2017.08.29"]
[Round "9"]
[White "Makoveev, Ilya"]
[Black "Amanzhol, Sultan"]
[Result "1/2-1/2"]
[WhiteElo "2061"]
[BlackElo "1875"]
[PlyCount "57"]
[EventDate "2017.08.22"]
[EventType "swiss"]
[EventRounds "11"]
[EventCountry "BRA"]
[SourceTitle "CBM 180 Extra"]
[Source "ChessBase"]
[SourceDate "2017.10.06"]
[SourceVersion "1"]
[SourceVersionDate "2017.10.06"]
[SourceQuality "1"]

1. e4 c5 2. Nf3 d6 3. d4 cxd4 4. Nxd4 Nf6 5. Nc3 a6 6. g3 e6 7. Bg2 Be7 8. 0-0 0-0 9. Be3 Nbd7 10. f4 Qc7 11. Qe2 Nc5 12. a4 Rd8 13. Bf2 e5 14. Nf5 Bf8 15. Ne3 Qc6 16. Ned5 Nxd5 17. Nxd5 Be6 18. f5 Bxd5 19. exd5 Qd7 20. Bxc5 dxc5 21. Qxe5 Bd6 22. Qc3 Re8 23. a5 f6 24. Qd3 Re5 25. Rae1 Rae8 26. Rxe5 Rxe5 27. Qb3 Qe7 28. Qc3 Re3 29. Qc4 1/2-1/2